MINING MACHINERY -I (Record no. 8173)

MARC details
000 -LEADER
fixed length control field 00368nam a22001577a 4500
005 - DATE AND TIME OF LATEST TRANSACTION
control field 20230111101706.0
008 - FIXED-LENGTH DATA ELEMENTS--GENERAL INFORMATION
fixed length control field 221220b |||||||| |||| 00| 0 eng d
041 ## - LANGUAGE CODE
Language code of text/sound track or separate title eng
082 ## - DEWEY DECIMAL CLASSIFICATION NUMBER
Classification number 622.0 ANT-M
100 ## - MAIN ENTRY--AUTHOR NAME
Personal name ANTHONY , V.
245 ## - TITLE STATEMENT
Title MINING MACHINERY -I
260 ## - PUBLICATION, DISTRIBUTION, ETC. (IMPRINT)
Name of publisher PLANAT PUBLISHING HOUSE
Year of publication 2019
300 ## - PHYSICAL DESCRIPTION
Number of Pages 5.42;P
650 ## - SUBJECT ADDED ENTRY--TOPICAL TERM
Topical Term MINING
942 ## - ADDED ENTRY ELEMENTS (KOHA)
Koha item type Books
Holdings
Lost status Damaged status Collection code Home library Current library Shelving location Date acquired Source of acquisition Cost, normal purchase price Full call number Accession Number Koha item type
    MINING JRU Library JRU Library SHELF-88-A 09/11/2022 LOHIA BOOK INTERNATIONAL 110.00 622.0-ANT-M 27243 Books
    MINING JRU Library JRU Library SHELF-88-A 09/11/2022 LOHIA BOOK INTERNATIONAL 110.00 622.0-ANT-M 27244 Books
    MINING JRU Library JRU Library SHELF-88-A 09/11/2022 LOHIA BOOK INTERNATIONAL 110.00 622.0-ANT-M 27245 Books
    MINING JRU Library JRU Library SHELF-88-A 09/11/2022 LOHIA BOOK INTERNATIONAL 110.00 622.0-ANT-M 27246 Books
      JRU Library   SHELF-88-A 09/11/2022 LOHIA BOOK INTERNATIONAL 110.00 622.0-ANT-M 27247 Books